| 000 | 00911nam a2200277Ia 4500 | ||
|---|---|---|---|
| 003 | GCL | ||
| 005 | 20240530102942.0 | ||
| 008 | 140319s9999 xx 000 0 ara d | ||
| 040 |
_aGCL / _cGCL |
||
| 082 | 0 | 4 |
_a320.54 _bس د |
| 100 | 1 | _aسعدون حمادى | |
| 245 | 1 | 0 |
_aدراسات فى القومية العربية والوحدة / _cسعدون حمادى (واخ...) |
| 260 |
_a[S.N] : _bمركز دراسات الوحدة العربية ، _c1984 |
||
| 300 | _a384 ص | ||
| 650 | 0 | 4 | _aالعالم العربى |
| 650 | 0 | 4 | _aسوريا |
| 650 | 0 | 4 | _aالديمقراطية |
| 650 | 0 | 4 | _aلبنان |
| 650 | 0 | 4 | _aالاقباط |
| 650 | 0 | 4 | _aالوحدة العربية |
| 650 | 0 | 4 | _aالقومية العربية |
| 650 | 0 | 4 | _aالاستعمار فى البلاد العربية |
| 650 | 0 | 4 | _aالمسيحية والسياسة |
| 700 | 1 | _aسعدون حمادى | |
| 942 |
_2ddc _cBK |
||
| 999 |
_c35636 _d35636 |
||